Les prénoms des peintres célèbres - 3 - Statistiques

Statistiques générales
  • Ce quiz a été pris 311 fois
  • Le résultat moyen est 10 sur 20
Statistiques - réponses
Hint Réponse % Correct
Matisse Henri
86%
Magritte René
75%
Klimt Gustav
74%
Manet Edouard
66%
Kandinsky Vassili
63%
Modigliani Amadeo
60%
Léger Fernand
60%
Klee Paul
59%
Miro Joan
58%
Bonheur Rosa
58%
Klein Yves
53%
Lippi Filippo
47%
De la Tour Georges
42%
Millet Jean-François
36%
Lebrun Charles
34%
Le Nain Antoine, Mathieu ou Louis
31%
Le Lorrain Claude
29%
Jordaens Jacob
29%
Maes Nicolas
20%
Ingres Jean
18%
Aucun quiz correspondant
Distribution des résultats
% des personnes avec chaque résultat
Percentile par nombre de réponses
Votre historique - résultats
Vous n’avez pas pris ce quiz